| 000 | nam a22 7a 4500 | ||
|---|---|---|---|
| 999 |
_c40856 _d40856 |
||
| 003 | OSt | ||
| 005 | 20171106105919.0 | ||
| 008 | 171106b xxu||||| |||| 00| 0 eng d | ||
| 040 | _csero soft | ||
| 100 | _aYADAV DR ABHE SINGH | ||
| 245 | _aRIGHT TO INFORMATION ACT,2005 | ||
| 260 |
_aALLAHABAD _bCENTRAL LAW PUB _c2016 |
||
| 300 | _a310 | ||
| 942 |
_2ddc _c02 |
||